Statistics for Fifa 18 Top 20 Goalkeepers

Click here to take the quiz!

General Stats

  • This quiz has been taken 181 times
  • The average score is 11 of 20

Answer Stats

RatingAnswer% Correct
92Manuel Neuer
98%
90David De Gea
95%
89Thibaut Courtois
90%
89Gianluigi Buffon
88%
85Marc-Andre Ter Stegen
86%
88Jan Oblak
83%
88Hugo Lloris
82%
85Keylor Navas
80%
86Petr Cech
71%
87Samir Handanovic
64%
85Bernd Leno
49%
83Iker Casillas
49%
84Roman Burki
39%
83Pepe Reina
34%
85Danijel Subasic
30%
85Stephane Ruffier
20%
83Diego Lopez
14%
84Ralf Fahrmann
14%
84Sergio Asenjo
11%
84Timo Horn
10%

Score Distribution

Percentile by Number Answered

Percent of People with Each Score

Your Score History

You have not taken this quiz